Crisis, ciudad y tecnología ¿una solución inteligente? (Registro nro. 48728)
[ vista simple ]
| 000 -CABECERA | |
|---|---|
| Longitud fija campo de control | 01153naa a2200301 c 4500 |
| 001 - NÚMERO DE CONTROL | |
| Número de control | 48728 |
| 003 - IDENTIFICADOR DE NÚMERO DE CONTROL | |
| Identificador del número de control | ES-MaCES |
| 005 - FECHA Y HORA DE LA ÚLTIMA TRANSACCIÓN | |
| Fecha y hora de la última transacción | 20161228112014.0 |
| 008 - CAMPO FIJO DE DESCRIPCIÓN FIJA--INFORMACIÓN GENERAL | |
| Códigos de información de longitud fija | 161228s2016 sp ||||| t||||||| ||spa d |
| 040 ## - FUENTE DE CATALOGACIÓN | |
| Centro catalogador de origen | ES-MaCES |
| Lengua de catalogación | spa |
| Centro transcriptor | ES-MaCES |
| Centro modificado | ES-MaCES |
| 100 1# - ENCABEZAMIENTO PRINCIPAL--NOMBRE PERSONAL | |
| 9 (RLIN) | 37643 |
| Nombre de persona | March Corbella, Hug |
| 245 10 - MENCIÓN DE TÍTULO | |
| Título | Crisis, ciudad y tecnología ¿una solución inteligente? |
| Mención de responsabilidad, etc. | Hug March Corbella, Ramon Ribera Fumaz, Pep Vivas Elias |
| 500 ## - NOTA GENERAL | |
| Nota general | Resumen |
| 504 ## - NOTA DE BIBLIOGRAFÍA, ETC. | |
| Nota de bibliografía, etc. | Bibliografía: p. 247-248 |
| 650 #4 - ASIENTO SECUNDARIO DE MATERIA--TÉRMINO DE MATERIA | |
| 9 (RLIN) | 28619 |
| Término de materia o nombre geográfico como elemento inicial | desarrollo urbano |
| 650 #4 - ASIENTO SECUNDARIO DE MATERIA--TÉRMINO DE MATERIA | |
| 9 (RLIN) | 28620 |
| Término de materia o nombre geográfico como elemento inicial | planificación urbana |
| 650 #4 - ASIENTO SECUNDARIO DE MATERIA--TÉRMINO DE MATERIA | |
| 9 (RLIN) | 27219 |
| Término de materia o nombre geográfico como elemento inicial | gobierno local |
| 650 #4 - ASIENTO SECUNDARIO DE MATERIA--TÉRMINO DE MATERIA | |
| 9 (RLIN) | 28618 |
| Término de materia o nombre geográfico como elemento inicial | zona urbana |
| 650 #4 - ASIENTO SECUNDARIO DE MATERIA--TÉRMINO DE MATERIA | |
| 9 (RLIN) | 28614 |
| Término de materia o nombre geográfico como elemento inicial | nueva ciudad |
| 650 #4 - ASIENTO SECUNDARIO DE MATERIA--TÉRMINO DE MATERIA | |
| 9 (RLIN) | 28236 |
| Término de materia o nombre geográfico como elemento inicial | cambio tecnológico |
| 650 #4 - ASIENTO SECUNDARIO DE MATERIA--TÉRMINO DE MATERIA | |
| 9 (RLIN) | 30788 |
| Término de materia o nombre geográfico como elemento inicial | nuevas tecnologías |
| 653 10 - TÉRMINO DE INDEXACIÓN--NO CONTROLADO | |
| Término no controlado | Vivienda-Construcción-Urbanismo |
| 700 1# - ENCABEZAMIENTO SECUNDARIO--NOMBRE PERSONAL | |
| 9 (RLIN) | 37644 |
| Nombre de persona | Ribera Fumaz, Ramon |
| 700 1# - ENCABEZAMIENTO SECUNDARIO--NOMBRE PERSONAL | |
| 9 (RLIN) | 37645 |
| Nombre de persona | Vivas Elias, Pep |
| 773 0# - ENTRADA DE DOCUMENTO FUENTE | |
| Itemnumber del ítem fuente | 85449 |
| Lugar, editor y fecha de publicación | Madrid Ministerio de Fomento, Centro de Publicaciones |
| Otro identificador del documento | 088347 |
| Título | Ciudad y territorio |
| Número de control del registro relacionado | (ES-MaCES)25932 |
| Parte(s) relacionada(s) | vol. 48, n. 188 (verano 2016) {55/970 R. 088347} ;p. 239-248 |
| 902 ## - CES. TIPO DE DOCUMENTO | |
| Tipodoc (006$c Sirtex) | ART Artículo de revista |
| 942 ## - ELEMENTOS KOHA | |
| Fuente de clasificaión o esquema | Clasificación propia del CES |
| Koha [por defecto] tipo de item | Artículos (1982-2017) |
| Parte de clasificación | Políticas Sectoriales |
No hay ítems disponibles.
